Plagiátorstvo verzus etika

Ochrana práv duševného vlastníctva a autorského práva. Obsah chápania autorského diela. Vlastníctvo k autorskému dielu. Problém preukazovania autorstva. Porušovanie práv duševného vlastníctva. Etický a výchovný rozmer.

Saved in:
Bibliographic Details
Main Author: Matušovič, Martin
Format: Book Chapter
Language:Slovak
Subjects:
Tags: Add Tag
No Tags, Be the first to tag this record!

MARC

LEADER 00000nla$a2200000$$$4500
001 0120411
005 20240521074353.1
041 0 |a slo 
044 |a SK 
245 1 0 |a Plagiátorstvo verzus etika  |c Martin Matušovič 
520 |a Ochrana práv duševného vlastníctva a autorského práva. Obsah chápania autorského diela. Vlastníctvo k autorskému dielu. Problém preukazovania autorstva. Porušovanie práv duševného vlastníctva. Etický a výchovný rozmer. 
610 2 0 |a vlastníctvo duševné 
610 2 0 |a plagiátorstvo 
610 2 0 |a ochrana informácií 
610 2 0 |a známky ochranné 
610 2 0 |a právo patentové 
610 2 0 |a práce kvalifikačné 
610 2 0 |a diela autorské 
610 2 0 |a etika 
100 1 |a Matušovič, Martin